Nové pravidlá tzv. duálneho vzdelávania z pohľadu zákona o dani z príjmov

Učňovské vzdelávanie a jeho kvalita už dlhšiu dobu rezonuje v podnikateľskej verejnosti ako problém, lebo je úzko spojené s nedostatkom kvalitne pripravenej pracovnej sily. Zvlášť citlivá je táto problematiky pre vysokú mieru nezamestnanosti absolventov škôl, ktorá je dôsledkom nedostatočne prepojen...

Ausführliche Beschreibung

Gespeichert in:
Bibliographische Detailangaben
1. Verfasser: Mezeiová, Viera
Weitere Verfasser: Horniaček, Peter
Format: Buchkapitel
Sprache:Slowakisch
Schlagworte:
Tags: Tag hinzufügen
Keine Tags, Fügen Sie das erste Tag hinzu!

MARC

LEADER 00000naa a2200000 4500
001 0203966
005 20231208090931.0
041 0 |a slo 
044 |a SK 
245 1 0 |a Nové pravidlá tzv. duálneho vzdelávania z pohľadu zákona o dani z príjmov  |c Viera Mezeiová, Peter Horniaček 
520 |a Učňovské vzdelávanie a jeho kvalita už dlhšiu dobu rezonuje v podnikateľskej verejnosti ako problém, lebo je úzko spojené s nedostatkom kvalitne pripravenej pracovnej sily. Zvlášť citlivá je táto problematiky pre vysokú mieru nezamestnanosti absolventov škôl, ktorá je dôsledkom nedostatočne prepojených potrieb trhu práce a školského systému. 
610 2 0 |a dane z príjmov 
610 2 0 |a vzdelávanie duálne 
610 2 0 |a Slovensko 
610 2 0 |a zákony 
610 2 0 |a školy stredné 
610 2 0 |a školy stredné odborné 
610 2 0 |a školy učňovské 
100 1 |a Mezeiová, Viera 
700 1 |a Horniaček, Peter